Statistics for Phoebe Bridgers - Day After Tomorrow Lyrics

Click here to take the quiz!

General Stats

  • This quiz has been taken 19 times
  • The average score is 286 of 323

Answer Stats

Answer% Correct
a
100%
after
100%
all
100%
and
100%
And
100%
be
100%
can
100%
can't
100%
cold
100%
come
100%
day
100%
do
100%
down
100%
got
100%
hard
100%
he
100%
here
100%
home
100%
I
100%
I'll
100%
Illinois
100%
I'm
100%
it
100%
it's
100%
letter
100%
me
100%
miss
100%
much
100%
my
100%
on
100%
On
100%
see
100%
snow
100%
so
100%
the
100%
To
100%
to
100%
today
100%
tomorrow
100%
wait
100%
What
100%
what
100%
Who
100%
will
100%
Will
100%
You
100%
you
100%
your
100%
believe
90%
choose
90%
counting
90%
days
90%
Don't
90%
don't
90%
every
90%
God
90%
hold
90%
how
90%
know
90%
leaves
90%
Of
90%
of
90%
old
90%
orders
90%
plane
90%
pray
90%
prayers
90%
Rockford
90%
Shoveling
90%
still
90%
supposed
90%
taking
90%
Tell
90%
that
90%
tired
90%
touch
90%
town
90%
Up
90%
we
90%
won't
90%
At
80%
back
80%
border
80%
by
80%
close
80%
die
80%
does
80%
dream
80%
end
80%
eyes
80%
feel
80%
gold
80%
His
80%
is
80%
means
80%
night
80%
not
80%
raking
80%
refuse
80%
road
80%
say
80%
there's
80%
They
80%
they
80%
throne
80%
told
80%
trying
80%
want
80%
Whose
80%
Wisconsin
80%
world
80%
About
70%
am
70%
been
70%
blood
70%
deny
70%
for
70%
in
70%
I've
70%
just
70%
other
70%
same
70%
side
70%
soldier
70%
spilled
70%
that's
70%
us
70%
with
70%
another
60%
anymore
60%
are
60%
buys
60%
dear
60%
dice
60%
everyone
60%
fill
60%
full
60%
get
60%
have
60%
lies
60%
made
60%
one
60%
pay
60%
saving
60%
than
60%
throws
60%
too
60%
turns
60%
twenty
60%
wheel
60%
winter's
60%
brings
50%
fade
50%
fighting
50%
freedom
50%
frost
50%
gravel
50%
justice
50%
life
50%
lost
50%
lucky
50%
ones
50%
only
50%
summer
50%
things
50%
You're
40%

Score Distribution

Percentile by Number Answered

Percent of People with Each Score

Your Score History

You have not taken this quiz